| 000 | 00343nam a22001457a 4500 | ||
|---|---|---|---|
| 020 | _a978-06-7008-344-2 | ||
| 082 |
_a001 _bAPJ/S |
||
| 100 | _aABDULKALAM,APJ | ||
| 100 | _aRAJAN,Y.S | ||
| 245 | _aINDIAN | ||
| 260 |
_aNEW DELHI _bPENGUIN |
||
| 300 | _a222 | ||
| 650 |
_aA TWENTY FIRST CENTURY GUIDE TO THE WORLD AROUND US _zINDIA |
||
| 942 | _cBK | ||
| 999 |
_c5549 _d5549 |
||